Statistics for Asian Capitals with Unique Initial Letter

Click here to take the quiz!

General Stats

  • This quiz has been taken 29 times
  • The average score is 4 of 6

Answer Stats

Capital% Correct
Ulaanbaatar
77%
Yerevan
77%
Vientiane
73%
Riyadh
69%
Islamabad
58%
Hanoi
50%

Score Distribution

Percentile by Number Answered

Percent of People with Each Score

Your Score History

You have not taken this quiz